|
|
|
|
| LEADER |
00000nab a2200000ua 4500 |
| 001 |
vtls010785799 |
| 003 |
SK-MaSNL |
| 005 |
20260303135743.0 |
| 008 |
230218s1993 xo |||||||||||||||||eng| |
| 035 |
|
|
|a (urnnbn)urn:nbn:sk:snk:ar-a05si8
|
| 035 |
|
|
|a (uuid)8b8fd90e-422a-4455-b41c-531aa430f332
|
| 035 |
|
|
|a urn:nbn:sk:snk-ab4uzc
|
| 040 |
|
|
|a SNKBUCL
|b slo
|c SNKBUCL
|e AACR2
|
| 041 |
0 |
|
|a eng
|
| 044 |
|
|
|a xo
|c SK
|
| 100 |
1 |
|
|a Hovorka, I.
|4 aut
|9 788386
|
| 245 |
1 |
0 |
|a Intrauterine and lactogenic transfer of Toxocara canis larvae in paratenic hosts
|c I. Hovorka, K. Havasiová-Reiterová, O. Tomašovičová, P. Dubinský
|
| 700 |
1 |
|
|a Havasiová, K.-REITEROVÁ
|4 aut
|9 1157372
|
| 700 |
1 |
|
|a Tomašovičová, O.
|4 aut
|9 777994
|
| 700 |
1 |
|
|a Dubinský, P.
|4 aut
|9 772280
|
| 773 |
0 |
|
|t Helminthologia
|g Roč. 30, č. 3-4 (1993), s. 111-113
|
| 958 |
|
|
|a OND
|
| 958 |
|
|
|a EUIPO
|
| 958 |
|
|
|a article3
|
| 999 |
|
|
|c 1967607
|d 1969537
|